Word Ladder: Best Pest Quiz Stats

 Plays Quiz Updated Jan 3, 2016

Challenge
Share
Tweet
Embed
Score 0/37 Timer 03:00
0 Plays Today
Hint 4-Letter Word % Correct
@ What the early bird gets @WORM
98.9%
Not quite hotWARM
98.6%
@ A rabbit like animal @HARE
96.3%
The price of a rideFARE
95.8%
Damage or injureHARM
95.1%
@ An employee's superior @BOSS
92.7%
What babies drinkMILK
91.8%
@ Small rodents @MICE
91.5%
A fee to use a bridge or roadTOLL
91.2%
@ A relative of a butterfly @MOTH
90.8%
The Rolling Stones' JaggerMICK
90.5%
A bundle of hayBALE
90.2%
The two of youBOTH
90%
A sport fishBASS
89.9%
An often spherical objectBALL
89%
@ Parasitic insects @LICE
88.1%
The exterior of a treeBARK
87.8%
An object's foundationBASE
87.6%
A speaker companyBOSE
87.4%
Hint 4-Letter Word % Correct
The side of a riverBANK
86.7%
It's found on a clockFACE
86.4%
An armored vehicleTANK
86%
A spa town in southwestern EnglandBATH
85.9%
@ ___ weevil, a menace to cotton @BOLL
85.7%
A fancy fabric itemLACE
85.6%
NakedBARE
85.5%
Prepare soil for plantingTILL
85%
To grind or crush flourMILL
85%
To strike hardBASH
84.1%
@ A tiny arachnid @MITE
83.6%
@ Another small arachnid @TICK
83%
A small broad headed nailTACK
81%
A tiny piece of dustMOTE
79.5%
'Pretty Woman' actor Richard ____GERE
78.8%
A dullardBORE
72.3%
Impale a matadorGORE
70.6%
@ A microorganism @GERM
62.8%

Today's Daily Dose

You're not logged in!

Compare scores with friends on all Sporcle quizzes.
OR
Log In

You Might Also Like...

Show Comments

Extras

Top Quizzes Today


Score Distribution

Your Account Isn't Verified!

In order to create a playlist on Sporcle, you need to verify the email address you used during registration. Go to your Sporcle Settings to finish the process.

Report this User

Report this user for behavior that violates our Community Guidelines.

Details: